000 00355nam a2200157Ia 4500
001 10055
003 GE_BSU
008 181216s||||||||xx |||||||||||||| ||und||
040 _cGE_BSU
245 4 _aThe Economist, may 24st-30th 2014
245 _bvolume 411 number 8888
260 _c2014
300 _a82p.27cm.
653 _aThe Economist
942 _cBK
999 _c43327
_d43327